Bhashavijnanar Parichay (Record no. 16335)

MARC details
000 -LEADER
fixed length control field 00495nam a22001937a 4500
008 - FIXED-LENGTH DATA ELEMENTS--GENERAL INFORMATION
fixed length control field 260410b |||||||| |||| 00| 0 eng d
020 ## - INTERNATIONAL STANDARD BOOK NUMBER
International Standard Book Number 978-93-5849-538-6
Price 130.00
040 ## - CATALOGING SOURCE
Original Cataloguing agency Sibsagar Commerce College Central Library
041 ## - LANGUAGE CODE
Language code of text/sound track or separate title Assamese
082 ## - DEWEY DECIMAL CLASSIFICATION NUMBER
Classification number 891.45
Book Number GOG.
100 ## - MAIN ENTRY--PERSONAL NAME
Personal name Gogoi, Karabi.
Dates associated with a name Gogoi, Dipali
245 ## - TITLE STATEMENT
Title Bhashavijnanar Parichay
Statement of responsibility, etc. By Karabi Gogoi.
250 ## - EDITION STATEMENT
Edition statement 1st ed.
260 ## - PUBLICATION, DISTRIBUTION, ETC.
Place of publication, distribution, etc. Dibrugarh:
Name of publisher, distributor, etc. Banalata;
Date of publication, distribution, etc. 2024.
300 ## - PHYSICAL DESCRIPTION
Pages 123p.
650 ## - Subject
Subject Assamese
942 ## - ADDED ENTRY ELEMENTS (KOHA)
Source of classification or shelving scheme Dewey Decimal Classification
Koha item type Books
Holdings
Withdrawn status Lost status Source of classification or shelving scheme Damaged status Not for loan Collection code Home library Current library Shelving location Date acquired Source of acquisition Total Checkouts Full call number Barcode Date last seen Copy number Cost, replacement price Price effective from Koha item type
    Dewey Decimal Classification     Assamese Sibsagar Commerce College Central Library Sibsagar Commerce College Central Library General Stacks 10/04/2026 Kitap Ghar   891.45 GOG. 29140 10/04/2026 1 260.00 10/04/2026 Books
    Dewey Decimal Classification     Assamese Sibsagar Commerce College Central Library Sibsagar Commerce College Central Library General Stacks 10/04/2026 Kitap Ghar   891.45 GOG. 29141 10/04/2026 2 260.00 10/04/2026 Books


Sibsagar Commerce College © 2020. All rights reserved.
Powered by Koha.
Hosted by LIBKART.